[Event "Litomysl 2007"]
[Site "?"]
[Date "2007.12.28"]
[Round "4.8"]
[White "Cernousek, Lukas"]
[Black "Plat, Vojtech"]
[Result "1-0"]
[WhiteElo "2405"]
[BlackElo "2296"]
[PlyCount "63"]
[EventDate "2007.12.26"]

1. d4 Nf6 2. c4 g6 3. g3 Bg7 4. Bg2 O-O 5. Nc3 d6 6. Nf3 Nbd7 7. O-O e5 8. h3
a5 9. e4 exd4 10. Nxd4 Nc5 11. Re1 Nfd7 12. Be3 Ne5 13. Bf1 Re8 14. f4 Ned7 15.
Bg2 Nb6 16. b3 Bd7 17. Qc2 a4 18. Rad1 axb3 19. axb3 Qc8 20. Kh2 Ra3 21. e5 Qa8
22. Ndb5 Bxb5 23. Nxb5 Ra2 24. Qb1 Rc8 25. Kg1 Nbd7 26. b4 Ne6 27. Bxb7 Qxb7
28. Qxa2 Bf8 29. Qg2 c6 30. Na7 dxe5 31. b5 Bc5 32. Nxc8 1-0

[Event "Litomysl 2007"]
[Site "?"]
[Date "2007.12.28"]
[Round "4.9"]
[White "Cerveny, Martin"]
[Black "Spirin, Oleg"]
[Result "1-0"]
[WhiteElo "2291"]
[BlackElo "2404"]
[PlyCount "83"]
[EventDate "2007.12.26"]

1. d4 Nf6 2. c4 e6 3. Nc3 Bb4 4. e3 b6 5. Nge2 Ne4 6. Qc2 Bb7 7. f3 Nxc3 8.
bxc3 Be7 9. Ng3 d6 10. Bd3 h6 11. O-O Nd7 12. f4 O-O 13. e4 Bh4 14. Ne2 c5 15.
d5 Re8 16. a4 Rc8 17. g3 Bf6 18. Rf2 exd5 19. exd5 Rc7 20. Bd2 Nf8 21. Raf1 Bc8
22. Kg2 Rce7 23. Ng1 Rc7 24. h3 a6 25. Rb1 Rb7 26. Nf3 g6 27. g4 Bg7 28. Nh2
Nh7 29. Nf3 Rf8 30. f5 gxf5 31. Bxf5 Bxf5 32. Qxf5 Qe8 33. g5 hxg5 34. Bxg5
Qxa4 35. Bf4 Qxc4 36. Kh2 Kh8 37. Rg1 Qxc3 38. Ng5 Nxg5 39. Rxg5 f6 40. Rh5+
Kg8 41. Rg2 Rff7 42. Bxd6 1-0

[Event "Litomysl 2007"]
[Site "?"]
[Date "2007.12.28"]
[Round "4.12"]
[White "Manik, Mikulas"]
[Black "Vales, Vaclav"]
[Result "1-0"]
[WhiteElo "2420"]
[BlackElo "2163"]
[PlyCount "35"]
[EventDate "2007.12.26"]

1. e4 c5 2. Nf3 Nc6 3. Bb5 Nf6 4. Nc3 Qc7 5. O-O e6 6. Re1 Ng4 7. Bxc6 bxc6 8.
d3 Rb8 9. h3 Nf6 10. e5 Nd5 11. Ne4 f5 12. exf6 Nxf6 13. Nfg5 h5 14. Qf3 Be7
15. Nxf6+ gxf6 16. Bf4 e5 17. Qe4 Rh6 18. Ne6 1-0

[Event "Litomysl 2007"]
[Site "?"]
[Date "2007.12.28"]
[Round "4.13"]
[White "Bebel, Arkadiusz"]
[Black "Krejci, Jan"]
[Result "0-1"]
[WhiteElo "2153"]
[BlackElo "2397"]
[PlyCount "58"]
[EventDate "2007.12.26"]

1. e4 e5 2. Nc3 Nf6 3. g3 d5 4. exd5 Nxd5 5. Bg2 Nxc3 6. bxc3 Nc6 7. Ne2 Bc5 8.
O-O O-O 9. d3 Bg4 10. h3 Be6 11. c4 Qd7 12. Kh2 Rad8 13. Bb2 e4 14. Bxe4 Bxh3
15. Nf4 Bg4 16. Bf3 Bxf3 17. Qxf3 Nd4 18. Bxd4 Bxd4 19. Rae1 c6 20. Kg2 Rfe8
21. Rh1 h6 22. Rb1 Re5 23. Rh5 Rxh5 24. Qxh5 Re8 25. Kf1 Re5 26. Qf3 g5 27. Ne2
Qh3+ 28. Ke1 g4 29. Qf4 Bc3+ 0-1

[Event "Litomysl 2007"]
[Site "?"]
[Date "2007.12.28"]
[Round "4.14"]
[White "Cerveny, Petr"]
[Black "Sott, Pavel"]
[Result "1-0"]
[WhiteElo "2395"]
[BlackElo "2148"]
[PlyCount "43"]
[EventDate "2007.12.26"]

1. e4 c5 2. Nf3 d6 3. d4 cxd4 4. Nxd4 Nf6 5. Nc3 g6 6. Bc4 Bg7 7. Bb3 O-O 8. h3
Nc6 9. Be3 Bd7 10. O-O Rc8 11. f4 Qa5 12. Nde2 b5 13. a3 a6 14. Qe1 Qc7 15. Qf2
Qb8 16. Rad1 Na5 17. e5 Ne8 18. Nd5 Nc6 19. Nb6 Rd8 20. Nxd7 Rxd7 21. e6 Rd8
22. exf7+ 1-0

[Event "Litomysl 2007"]
[Site "?"]
[Date "2007.12.28"]
[Round "4.15"]
[White "Fuchs, Judith"]
[Black "Jackova, Jana"]
[Result "1/2-1/2"]
[WhiteElo "2140"]
[BlackElo "2375"]
[PlyCount "72"]
[EventDate "2007.12.26"]

1. e4 e5 2. Nf3 Nc6 3. Bc4 Bc5 4. c3 Nf6 5. d3 a6 6. Bb3 Ba7 7. Nbd2 O-O 8. O-O
d6 9. Nc4 h6 10. Re1 Ne7 11. Nh4 Bg4 12. Qc2 g5 13. h3 Bd7 14. Nf3 Ng6 15. d4
Nh5 16. dxe5 b5 17. Ne3 Nxe5 18. Nxe5 dxe5 19. Nd5 c6 20. Qe2 Nf4 21. Nxf4 gxf4
22. Rd1 Qe7 23. Qh5 Kh7 24. Rxd7 Qxd7 25. Qxe5 Bb8 26. Qh5 Qd6 27. Bxf7 Qf6 28.
Bb3 Ra7 29. Bd2 Qe5 30. Qf3 Rd8 31. Rd1 Re7 32. Bc1 Rf8 33. Be3 Rfe8 34. Bd4
Qg5 35. e5 Bxe5 36. Bxe5 Rxe5 1/2-1/2

[Event "Litomysl 2007"]
[Site "?"]
[Date "2007.12.28"]
[Round "4.18"]
[White "Schuetze, Norman"]
[Black "Kotva, Milan"]
[Result "1-0"]
[WhiteElo "2324"]
[BlackElo "2104"]
[PlyCount "83"]
[EventDate "2007.12.26"]

1. e4 e5 2. Nf3 Nc6 3. Bb5 a6 4. Ba4 Nf6 5. O-O Be7 6. Re1 b5 7. Bb3 O-O 8. d3
d6 9. a4 b4 10. a5 Bg4 11. c3 Rb8 12. Bc4 Qc8 13. Nbd2 Nd8 14. Qe2 Ne6 15. Nf1
c6 16. h3 Bxf3 17. Qxf3 d5 18. Ba2 b3 19. exd5 cxd5 20. Bb1 Qc7 21. Ne3 d4 22.
Nc4 Rb5 23. Bd2 g6 24. Qe2 Nd7 25. Qd1 f5 26. f4 e4 27. cxd4 Nxd4 28. Be3 Bf6
29. Na3 Rb4 30. dxe4 fxe4 31. Bxe4 Re8 32. Rc1 Qxa5 33. Bd2 Reb8 34. Rc4 Nc5
35. Bc3 Nce6 36. Rxb4 Rxb4 37. Kh1 Qc5 38. Bxb4 Qxb4 39. Bd5 Kf7 40. Nc4 Qc5
41. Bxe6+ Nxe6 42. Qd7+ 1-0

[Event "Litomysl 2007"]
[Site "?"]
[Date "2007.12.28"]
[Round "4.19"]
[White "Schaefer, Reyk"]
[Black "Stachowiak, Kamil"]
[Result "0-1"]
[WhiteElo "2126"]
[BlackElo "2307"]
[PlyCount "50"]
[EventDate "2007.12.26"]

1. d4 d5 2. Nf3 Nf6 3. c4 c6 4. Nc3 dxc4 5. g3 g6 6. Bg2 Bg7 7. Ne5 Be6 8. O-O
O-O 9. e4 Nfd7 10. f4 Nxe5 11. dxe5 Na6 12. Qe2 Qd3 13. Be3 Qxe2 14. Nxe2 Rfd8
15. Nd4 Bd7 16. Rfc1 c5 17. Ne2 Bf8 18. a4 Bc6 19. e6 Rd3 20. exf7+ Kxf7 21.
Rc3 e6 22. e5 Bxg2 23. Kxg2 Nb4 24. Kf2 Rc8 25. Rxc4 Rb3 0-1

[Event "Litomysl 2007"]
[Site "?"]
[Date "2007.12.28"]
[Round "4.22"]
[White "Ruzicka, Petr"]
[Black "Sisak, Richard"]
[Result "1-0"]
[WhiteElo "2267"]
[BlackElo "2080"]
[PlyCount "51"]
[EventDate "2007.12.26"]

1. d4 d5 2. Nf3 c6 3. c4 Nf6 4. Qc2 g6 5. e3 Bg7 6. Nc3 O-O 7. Be2 a6 8. O-O
Bg4 9. Qb3 b5 10. cxd5 cxd5 11. a4 bxa4 12. Qb7 Nbd7 13. Rxa4 Rb8 14. Qxa6 Nb6
15. Rb4 Qd6 16. Rb3 Nfd7 17. h3 Bf5 18. Nb5 Qf6 19. Nc7 Rfc8 20. Rc3 Nc4 21.
Qxf6 Bxf6 22. Nxd5 Nxb2 23. Bxb2 Rxb2 24. Rxc8+ Nf8 25. Nxf6+ exf6 26. Rxf8+
1-0

[Event "Litomysl 2007"]
[Site "?"]
[Date "2007.12.28"]
[Round "4.25"]
[White "Jurkiewicz, Krzysztof"]
[Black "Klein, Raimund"]
[Result "1/2-1/2"]
[WhiteElo "2218"]
[BlackElo "2008"]
[PlyCount "111"]
[EventDate "2007.12.26"]

1. d4 Nf6 2. c4 g6 3. Nc3 Bg7 4. e4 d6 5. Be2 O-O 6. Nf3 e5 7. d5 a5 8. Bg5 h6
9. Bh4 Na6 10. Nd2 Nc5 11. b3 g5 12. Bg3 Nfxe4 13. Ncxe4 Nxe4 14. Nxe4 f5 15.
Bd3 fxe4 16. Bxe4 Bf5 17. f3 Bxe4 18. fxe4 Qe8 19. Rf1 Qg6 20. Qe2 h5 21. Rxf8+
Rxf8 22. h3 Bh6 23. Kd1 h4 24. Bh2 g4 25. hxg4 Be3 26. Ke1 Qxe4 27. Bg1 Qd4 28.
Qxe3 Qxa1+ 29. Kd2 Qxa2+ 30. Kc3 Qxg2 31. Qg5+ Kf7 32. Be3 Qe4 33. Qh6 Qxg4 34.
Bg5 Qf5 35. Qxh4 Rg8 36. Bd8 Qf3+ 37. Kb2 Rxd8 38. Qxd8 Qf2+ 39. Kc3 Qd4+ 40.
Kc2 Qc5 41. Qd7+ Kf6 42. Qe6+ Kg5 43. Qe7+ Kg4 44. Qg7+ Kf3 45. Qf7+ Ke3 46.
Qh7 b5 47. Qh3+ Kf4 48. Qh4+ Kf3 49. Qh3+ Kf2 50. Qh2+ Kf1 51. Qh3+ Ke2 52.
Qh5+ Ke1 53. Qh1+ Kf2 54. Qh2+ Kf1 55. Qh3+ Ke1 56. Qh1+ 1/2-1/2

[Event "Litomysl 2007"]
[Site "?"]
[Date "2007.12.28"]
[Round "4.33"]
[White "Janocko, Petr"]
[Black "Salama, Omar"]
[Result "0-1"]
[WhiteElo "2073"]
[BlackElo "2232"]
[PlyCount "46"]
[EventDate "2007.12.26"]

1. d4 Nf6 2. Nf3 c5 3. g3 cxd4 4. Nxd4 e5 5. Nb3 d5 6. Bg2 Be7 7. O-O O-O 8.
Bg5 Be6 9. N1d2 Nc6 10. Rc1 Rc8 11. Bxf6 gxf6 12. c4 dxc4 13. Nxc4 Nb4 14. Nca5
b6 15. Nc6 Nxc6 16. Bxc6 f5 17. Bb7 Rxc1 18. Qxc1 Qd7 19. Ba6 Qa4 20. Qc7 Bf6
21. Bd3 Qxa2 22. Nc1 Qxb2 23. Qxa7 Rc8 0-1

[Event "Litomysl 2007"]
[Site "?"]
[Date "2007.12.28"]
[Round "4.40"]
[White "Blazkova, Petra"]
[Black "Horyna, Josef"]
[Result "1/2-1/2"]
[WhiteElo "2239"]
[BlackElo "1903"]
[PlyCount "93"]
[EventDate "2007.12.26"]

1. e4 e6 2. d4 d5 3. exd5 exd5 4. c4 Bb4+ 5. Nc3 Qe7+ 6. Be2 dxc4 7. Nf3 Nf6 8.
O-O O-O 9. Re1 Qd8 10. Ne5 Be6 11. a3 Bxc3 12. bxc3 Nd5 13. Qc2 Nb6 14. Bf1
N8d7 15. a4 Nxe5 16. Rxe5 Nd7 17. Bg5 Qc8 18. Re3 g6 19. a5 c5 20. Rae1 Bf5 21.
Qb2 cxd4 22. cxd4 Bd3 23. Bxd3 cxd3 24. Rxd3 Re8 25. Rxe8+ Qxe8 26. Re3 Qf8 27.
Be7 Qb8 28. g3 Qc7 29. d5 Rc8 30. Bg5 Qc1+ 31. Qxc1 Rxc1+ 32. Kg2 Rd1 33. Bh6
f6 34. Re8+ Kf7 35. Rh8 Rxd5 36. Rxh7+ Ke6 37. a6 bxa6 38. Be3 a5 39. Bxa7 a4
40. Rh4 Ra5 41. Bd4 a3 42. Ba1 Ne5 43. Re4 Kd5 44. Rf4 Ra6 45. h4 a2 46. g4 Rc6
47. Rd4+ 1/2-1/2

[Event "Litomysl 2007"]
[Site "?"]
[Date "2007.12.28"]
[Round "4.42"]
[White "Kulas, Szymon"]
[Black "Hagenbach, Udo"]
[Result "1/2-1/2"]
[WhiteElo "1835"]
[BlackElo "2203"]
[PlyCount "49"]
[EventDate "2007.12.26"]

1. e4 c6 2. d4 d5 3. Nc3 dxe4 4. Nxe4 Nf6 5. Nxf6+ gxf6 6. Nf3 Bf5 7. g3 Qd5 8.
c4 Qe4+ 9. Be3 Nd7 10. Bg2 Qd3 11. Qxd3 Bxd3 12. b3 e6 13. Kd2 Be4 14. c5 Bg7
15. Rhe1 f5 16. Nh4 Bxg2 17. Nxg2 O-O-O 18. Rac1 Nf6 19. f3 Nd5 20. Red1 Rd7
21. Ke2 Bf6 22. Bf2 Rhd8 23. Rc4 Nc7 24. a4 Nd5 25. Ne1 1/2-1/2

[Event "Litomysl 2007"]
[Site "?"]
[Date "2007.12.28"]
[Round "4.44"]
[White "Vrchotka, Josef"]
[Black "Lushnikov, Evgeny"]
[Result "0-1"]
[WhiteElo "2071"]
[BlackElo "1822"]
[PlyCount "60"]
[EventDate "2007.12.26"]

1. e4 c5 2. Nc3 Nc6 3. g4 g6 4. d3 Bg7 5. Be3 d6 6. h3 e6 7. Qd2 Qb6 8. O-O-O
Nb4 9. d4 Ne7 10. a3 Nbc6 11. dxc5 dxc5 12. Na4 Qc7 13. Bxc5 Qe5 14. Bg2 b6 15.
f4 Qc7 16. Bd6 Qd7 17. e5 Bb7 18. Qc3 Rc8 19. Qd2 Nd5 20. Bxd5 exd5 21. Ne2 Ne7
22. Bxe7 Qxe7 23. Nd4 O-O 24. g5 Rc4 25. Nc3 Rfc8 26. Kb1 Rxc3 27. bxc3 Qxa3
28. Qc1 Qxc3 29. Rd3 Qa5 30. Qb2 Ba6 0-1

[Event "Litomysl 2007"]
[Site "?"]
[Date "2007.12.29"]
[Round "5.1"]
[White "Kubecka, David"]
[Black "Neumeier, Klaus"]
[Result "1/2-1/2"]
[WhiteElo "2271"]
[BlackElo "2273"]
[PlyCount "50"]
[EventDate "2007.12.26"]

1. e4 e5 2. Nf3 Nc6 3. Bb5 a6 4. Ba4 Nf6 5. O-O Be7 6. Re1 b5 7. Bb3 O-O 8. h3
Bb7 9. d3 d6 10. c3 Na5 11. Bc2 c5 12. Nbd2 Re8 13. Nf1 h6 14. Ng3 Bf8 15. Nh2
d5 16. Ng4 Nxg4 17. Qxg4 Bc8 18. Qe2 Be6 19. f4 exf4 20. Bxf4 Nc6 21. Qf3 d4
22. e5 Bd5 23. Qg4 Be6 24. Qf3 Bd5 25. Qg4 Be6 1/2-1/2

[Event "Litomysl 2007"]
[Site "?"]
[Date "2007.12.29"]
[Round "5.2"]
[White "Jasik, Krzysztof"]
[Black "Cernousek, Lukas"]
[Result "0-1"]
[WhiteElo "2310"]
[BlackElo "2405"]
[PlyCount "94"]
[EventDate "2007.12.26"]

1. e4 e6 2. d4 d5 3. Nd2 Nc6 4. Ngf3 Nf6 5. e5 Nd7 6. Bb5 a6 7. Bxc6 bxc6 8.
O-O c5 9. c3 Be7 10. Nb3 a5 11. dxc5 Nxc5 12. Nxc5 Bxc5 13. Qa4+ Qd7 14. Qg4 f5
15. exf6 gxf6 16. Re1 Qf7 17. Nd4 e5 18. Qe2 O-O 19. Nb3 Bd6 20. Be3 Kh8 21.
Bc5 Rg8 22. Bxd6 cxd6 23. Rad1 Bb7 24. f3 Qh5 25. Nd2 Rg6 26. Nf1 Rag8 27. Ng3
Qh4 28. Rd2 f5 29. Qd1 f4 30. Nf1 Qh3 31. Ng3 Qh4 32. Nf1 d4 33. cxd4 Bxf3 34.
Qxf3 Qxe1 35. dxe5 dxe5 36. Re2 Qd1 37. Qe4 Qd4+ 38. Qxd4 exd4 39. Rd2 d3 40.
g3 fxg3 41. hxg3 Rd6 42. Rf2 Re8 43. Nd2 Re2 44. Kf1 Rde6 45. Nc4 Rxf2+ 46.
Kxf2 Kg7 47. Kf3 Kf6 0-1

[Event "Litomysl 2007"]
[Site "?"]
[Date "2007.12.29"]
[Round "5.3"]
[White "Kanovsky, David"]
[Black "Zakharchenko, Arnold"]
[Result "1-0"]
[WhiteElo "2396"]
[BlackElo "2307"]
[PlyCount "106"]
[EventDate "2007.12.26"]

1. e4 c5 2. c3 Nf6 3. e5 Nd5 4. d4 cxd4 5. Nf3 Nc6 6. Bc4 Nb6 7. Bb3 d6 8. exd6
Qxd6 9. O-O Be6 10. Na3 Bxb3 11. Qxb3 e6 12. Nb5 Qd7 13. Nbxd4 Be7 14. Rd1 Qc8
15. Nxc6 bxc6 16. Bg5 Bxg5 17. Nxg5 h6 18. Ne4 O-O 19. Qc2 Qc7 20. c4 Qe5 21.
b3 Rad8 22. Nc3 Nd7 23. Re1 Qa5 24. Rad1 Nf6 25. h3 Rfe8 26. Re3 Rxd1+ 27. Qxd1
Rd8 28. Rd3 Rxd3 29. Qxd3 Qe5 30. g3 g5 31. Kg2 Kg7 32. b4 Kf8 33. Kf3 h5 34.
Qe3 g4+ 35. hxg4 Nxg4 36. Qxe5 Nxe5+ 37. Ke4 Nxc4 38. Kd4 Na3 39. Kc5 Nc2 40.
a3 Ke7 41. a4 f5 42. a5 Kd7 43. b5 cxb5 44. Nxb5 Ne1 45. Nxa7 Nd3+ 46. Kb5 Ne5
47. Kb6 f4 48. Nb5 fxg3 49. fxg3 Nc6 50. Nc7 Ne7 51. Kb7 Nc8 52. Nxe6 Nd6+ 53.
Kb8 Nb5 1-0

[Event "Litomysl 2007"]
[Site "?"]
[Date "2007.12.29"]
[Round "5.4"]
[White "Mueller, Oliver"]
[Black "Sabol, Marian"]
[Result "1/2-1/2"]
[WhiteElo "2309"]
[BlackElo "2333"]
[PlyCount "31"]
[EventDate "2007.12.26"]

1. e4 e5 2. Nf3 Nc6 3. Bb5 a6 4. Bxc6 dxc6 5. d3 f6 6. Be3 c5 7. Nbd2 Bd6 8.
Nh4 Be6 9. Nf5 Qd7 10. Qf3 O-O-O 11. Nb3 b6 12. Nd2 Bf8 13. h3 Ne7 14. Nxe7+
Bxe7 15. Qe2 Qc6 16. b3 1/2-1/2

[Event "Litomysl 2007"]
[Site "?"]
[Date "2007.12.29"]
[Round "5.5"]
[White "Andre, Gordon"]
[Black "Cerveny, Martin"]
[Result "0-1"]
[WhiteElo "2315"]
[BlackElo "2291"]
[PlyCount "112"]
[EventDate "2007.12.26"]

1. d4 d5 2. c4 c6 3. cxd5 cxd5 4. Bf4 Nf6 5. e3 Bf5 6. Qb3 Qb6 7. Qxb6 axb6 8.
Nc3 e6 9. Nf3 Nc6 10. Nh4 Bg6 11. Be2 Be7 12. O-O O-O 13. h3 Rfc8 14. Rfc1 Ne8
15. Nxg6 hxg6 16. Nb5 Na5 17. Rxc8 Rxc8 18. Bd3 g5 19. Bg3 f5 20. f3 Nf6 21.
Be5 Nc4 22. Rc1 Ra8 23. Bxc4 dxc4 24. Bxf6 gxf6 25. a3 Ra5 26. Nc7 b5 27. Nxe6
Kf7 28. Nc7 Bd6 29. Nd5 Ke6 30. Nc3 b4 31. axb4 Bxb4 32. e4 f4 33. h4 b5 34.
hxg5 fxg5 35. g3 Bd6 36. e5 Bc7 37. Re1 Bb6 38. Re4 fxg3 39. Kg2 b4 40. d5+ Ke7
41. Ne2 Rxd5 42. Rxc4 Rd2 43. Rxb4 Rxe2+ 44. Kxg3 Be3 45. Kg4 Bf4 46. Rb6 Rxe5
47. b4 Re6 48. Rb5 Kf6 49. Rf5+ Kg6 50. Rc5 Be3 51. Rd5 Rf6 52. b5 Rf4+ 53. Kg3
Rb4 54. Kg2 Rb2+ 55. Kf1 Kh5 56. Ke1 Kh4 0-1

[Event "Litomysl 2007"]
[Site "?"]
[Date "2007.12.29"]
[Round "5.6"]
[White "Swicarz, Maciej"]
[Black "Klima, Lukas"]
[Result "1-0"]
[WhiteElo "2265"]
[BlackElo "2422"]
[PlyCount "81"]
[EventDate "2007.12.26"]

1. e4 c5 2. Nc3 Nc6 3. Bb5 e6 4. Bxc6 bxc6 5. f4 Ba6 6. d3 d5 7. Nf3 Nf6 8. e5
Nd7 9. O-O Be7 10. Qe1 c4 11. d4 Rb8 12. Rb1 g6 13. Rf2 c5 14. Be3 Qc7 15. Na4
cxd4 16. Bxd4 Qc6 17. Nc3 Nc5 18. Qe3 O-O 19. g4 Ne4 20. Rg2 Rb7 21. f5 Rfb8
22. f6 Bf8 23. Nxe4 dxe4 24. Ng5 c3 25. Qxc3 Qd5 26. b3 e3 27. Bxe3 Rb4 28. Rg3
Rc8 29. Qb2 Bb7 30. Kf2 Bc5 31. c4 Bxe3+ 32. Kxe3 Qa5 33. Rc1 Rd8 34. Ke2 h6
35. Nh3 Ba6 36. Rc2 Rb7 37. Qc3 Qc5 38. Qe3 Rd4 39. Nf2 Rbd7 40. Rh3 Qd5 41.
Rxh6 1-0

[Event "Litomysl 2007"]
[Site "?"]
[Date "2007.12.29"]
[Round "5.7"]
[White "Hoffmann, Paul"]
[Black "Manik, Mikulas"]
[Result "0-1"]
[WhiteElo "2302"]
[BlackElo "2420"]
[PlyCount "55"]
[EventDate "2007.12.26"]

1. e4 c5 2. Nf3 Nc6 3. d4 cxd4 4. Nxd4 Nf6 5. Nc3 d6 6. Bg5 e6 7. Qd2 a6 8.
O-O-O Nxd4 9. Qxd4 Be7 10. f4 b5 11. Bxf6 gxf6 12. Kb1 Bb7 13. f5 Qc7 14. fxe6
fxe6 15. Be2 Rg8 16. Bh5+ Kd7 17. Rhe1 Rg5 18. e5 fxe5 19. Rxe5 Bf6 20. Rxg5
Bxd4 21. Rxd4 Qb6 22. Rg7+ Kc6 23. Bf3+ d5 24. Rf4 Qg1+ 25. Nd1 Rd8 26. c4 Kb6
27. Rff7 bxc4 28. Kc1 0-1

[Event "Litomysl 2007"]
[Site "?"]
[Date "2007.12.29"]
[Round "5.8"]
[White "Krejci, Jan"]
[Black "Ruzicka, Petr"]
[Result "1-0"]
[WhiteElo "2397"]
[BlackElo "2267"]
[PlyCount "43"]
[EventDate "2007.12.26"]

1. e4 g6 2. d4 Bg7 3. Nc3 c6 4. Nf3 d6 5. Be3 Nd7 6. h3 Qc7 7. a4 b6 8. Be2 a6
9. O-O Bb7 10. Qd2 e5 11. dxe5 dxe5 12. Rfd1 Ngf6 13. Bg5 h6 14. Be3 O-O-O 15.
Qe1 Bf8 16. Qf1 a5 17. Bc4 Nc5 18. Rxd8+ Kxd8 19. Rd1+ Kc8 20. Qe2 Ne6 21.
Bxe6+ fxe6 22. Qc4 1-0

[Event "Litomysl 2007"]
[Site "?"]
[Date "2007.12.29"]
[Round "5.9"]
[White "Novotny, Michal"]
[Black "Cerveny, Petr"]
[Result "1/2-1/2"]
[WhiteElo "2278"]
[BlackElo "2395"]
[PlyCount "107"]
[EventDate "2007.12.26"]

1. d4 Nf6 2. c4 g6 3. Nc3 Bg7 4. e4 d6 5. Be2 O-O 6. Nf3 Nbd7 7. O-O e5 8. Be3
Ng4 9. Bg5 f6 10. Bc1 Nh6 11. Rb1 c6 12. b4 f5 13. exf5 Nxf5 14. d5 h6 15. dxc6
bxc6 16. b5 Bb7 17. bxc6 Bxc6 18. Nb5 Nc5 19. Ba3 Ne4 20. Qb3 Kh7 21. Rbd1 Qe7
22. Bd3 Nc5 23. Bxc5 dxc5 24. Bxf5 gxf5 25. Rfe1 e4 26. Nd2 Rad8 27. Nf1 f4 28.
Qa3 Qg5 29. Qh3 a6 30. Nc7 Rxd1 31. Rxd1 Rf7 32. Ne6 Qe5 33. Nd8 Rf6 34. Nxc6
Rxc6 35. Rd5 Qe6 36. Qf5+ Qxf5 37. Rxf5 e3 38. fxe3 fxe3 39. Nxe3 Bd4 40. Kf2
Rb6 41. Kf3 Rb2 42. Rf7+ Kg6 43. Ra7 Rxa2 44. Nd5 h5 45. Ke4 Re2+ 46. Kd3 Ra2
47. Ke4 Kg5 48. Nf4 Kh6 49. h4 Bf2 50. Rc7 Rc2 51. Rc6+ Kh7 52. Nxh5 Rxc4+ 53.
Kf5 Bxh4 54. Rxa6 1/2-1/2

[Event "Litomysl 2007"]
[Site "?"]
[Date "2007.12.29"]
[Round "5.10"]
[White "Jirasek, Pavel"]
[Black "Degtiarev, Evgeny"]
[Result "0-1"]
[WhiteElo "2271"]
[BlackElo "2371"]
[PlyCount "66"]
[EventDate "2007.12.26"]

1. e4 e5 2. Nf3 Nc6 3. Bb5 Nf6 4. O-O Nxe4 5. d4 Nd6 6. Bxc6 dxc6 7. dxe5 Nf5
8. Qxd8+ Kxd8 9. Nc3 Ne7 10. b3 Ke8 11. Bb2 a6 12. Rae1 h6 13. Nd2 Nd5 14. Nxd5
cxd5 15. f4 Bf5 16. Nf3 c5 17. Rf2 Kd7 18. c4 dxc4 19. e6+ fxe6 20. Ne5+ Ke8
21. g4 Bh7 22. Nxc4 b5 23. Ne5 Rc8 24. f5 c4 25. Rf3 Bb4 26. Re2 c3 27. Bc1 Be7
28. Nd3 Rc6 29. Nf4 Bf6 30. Nxe6 Kd7 31. b4 Kc8 32. Be3 Re8 33. Rc2 Rexe6 0-1

[Event "Litomysl 2007"]
[Site "?"]
[Date "2007.12.29"]
[Round "5.11"]
[White "Zawadzka, Jolanta"]
[Black "Svoboda, Vaclav"]
[Result "1-0"]
[WhiteElo "2371"]
[BlackElo "2190"]
[PlyCount "47"]
[EventDate "2007.12.26"]

1. e4 c5 2. Nf3 Nc6 3. d4 cxd4 4. Nxd4 Qb6 5. Nb3 Nf6 6. Nc3 e6 7. Bd3 Be7 8.
Be3 Qc7 9. f4 d6 10. Qf3 a6 11. O-O O-O 12. Rae1 b5 13. e5 dxe5 14. fxe5 Nd7
15. Bf4 Bb7 16. Qg3 Rfe8 17. Nd5 Qd8 18. Bh6 g6 19. Rxf7 Kxf7 20. Rf1+ Bf6 21.
Nxf6 Nxf6 22. Rxf6+ Ke7 23. Nc5 Bc8 24. Rf2 1-0

[Event "Litomysl 2007"]
[Site "?"]
[Date "2007.12.29"]
[Round "5.12"]
[White "Skliba, Martin"]
[Black "Schuetze, Norman"]
[Result "1-0"]
[WhiteElo "2255"]
[BlackElo "2324"]
[PlyCount "139"]
[EventDate "2007.12.26"]

1. d4 Nf6 2. c4 g6 3. Nc3 d5 4. cxd5 Nxd5 5. e4 Nxc3 6. bxc3 Bg7 7. Be3 c5 8.
Qd2 O-O 9. Nf3 Qa5 10. Rc1 cxd4 11. cxd4 Qxd2+ 12. Nxd2 e6 13. Nb3 b6 14. f3
Rd8 15. Bb5 Ba6 16. a4 Bxb5 17. axb5 Nd7 18. Ra1 Nc5 19. dxc5 Bxa1 20. Nxa1
bxc5 21. Kf2 Rab8 22. Rb1 Rdc8 23. Nc2 a6 24. Na3 axb5 25. Rxb5 Rxb5 26. Nxb5
Rb8 27. Na3 Ra8 28. Bxc5 Ra5 29. Bd6 f6 30. Nc4 Ra2+ 31. Kg3 Ra4 32. Nd2 e5 33.
Bc5 Ra2 34. Be3 Ra3 35. Kf2 Rc3 36. h4 Kf7 37. g4 Ke6 38. g5 f5 39. exf5+ gxf5
40. f4 e4 41. Nf1 Rc2+ 42. Bd2 Ra2 43. h5 Rb2 44. Ke2 Ra2 45. Ne3 Ra1 46. Nc2
Rh1 47. Nd4+ Kd5 48. Nxf5 Rxh5 49. Be3 Rh1 50. Bf2 Rb1 51. Ne3+ Ke6 52. Be1 Rb3
53. Ba5 Rb2+ 54. Kf1 Rb1+ 55. Kf2 Rb2+ 56. Kg3 Rb3 57. Kf2 Rb2+ 58. Ke1 Rb5 59.
Bc3 Rc5 60. f5+ Rxf5 61. Nxf5 Kxf5 62. Bd2 Ke5 63. Kf2 Kd4 64. Ke2 Ke5 65. Ke3
Kf5 66. Kd4 Ke6 67. Kxe4 Ke7 68. Kf5 Kf7 69. Kg4 Kg6 70. Bc1 1-0

[Event "Litomysl 2007"]
[Site "?"]
[Date "2007.12.29"]
[Round "5.14"]
[White "Bombek, Peter"]
[Black "Jedlicka, Ales"]
[Result "1-0"]
[WhiteElo "2209"]
[BlackElo "2304"]
[PlyCount "39"]
[EventDate "2007.12.26"]

1. e4 c5 2. c3 d5 3. exd5 Qxd5 4. d4 e6 5. Nf3 Nf6 6. Be3 Ng4 7. Bb5+ Bd7 8. c4
Nxe3 9. fxe3 Qe4 10. O-O Bxb5 11. cxb5 Qxe3+ 12. Kh1 cxd4 13. Nbd2 Be7 14. Nc4
Qh6 15. Nfe5 f6 16. Qf3 O-O 17. Qxb7 fxe5 18. Rxf8+ Bxf8 19. Qxa8 Nd7 20. Qe8
1-0

[Event "Litomysl 2007"]
[Site "?"]
[Date "2007.12.29"]
[Round "5.16"]
[White "Petr, Martin"]
[Black "Jurkiewicz, Krzysztof"]
[Result "1-0"]
[WhiteElo "2440"]
[BlackElo "2218"]
[PlyCount "69"]
[EventDate "2007.12.26"]

1. e4 c5 2. Nf3 d6 3. d4 cxd4 4. Nxd4 Nf6 5. Nc3 g6 6. Be3 Bg7 7. f3 a6 8. Qd2
Nbd7 9. O-O-O b5 10. Bh6 Bxh6 11. Qxh6 Bb7 12. Kb1 Rc8 13. Bd3 Qb6 14. Nce2 e5
15. Nb3 a5 16. g4 Nc5 17. Nc3 b4 18. Ne2 Ne6 19. Nd2 Ke7 20. Nc4 Qc5 21. Qd2
Rc7 22. Ne3 Rhc8 23. Bc4 Nf4 24. b3 a4 25. Nxf4 exf4 26. Nd5+ Bxd5 27. exd5 Nd7
28. Rhe1+ Kf8 29. Qxf4 Nb6 30. Re4 Kg7 31. g5 a3 32. h4 Qf2 33. Re2 Rxc4 34.
Qf6+ Kg8 35. Rxf2 1-0

[Event "Litomysl 2007"]
[Site "?"]
[Date "2007.12.29"]
[Round "5.17"]
[White "Buran, Jaroslav"]
[Black "Dobrowolski, Piotr"]
[Result "1/2-1/2"]
[WhiteElo "2213"]
[BlackElo "2425"]
[PlyCount "39"]
[EventDate "2007.12.26"]

1. d4 Nf6 2. Nf3 e6 3. c4 c5 4. g3 cxd4 5. Nxd4 Qc7 6. Nc3 Bb4 7. Qb3 Bc5 8. e3
b6 9. Bg2 Bb7 10. Ndb5 Qc8 11. e4 a6 12. Na3 Nc6 13. O-O Na5 14. Qd1 Bxa3 15.
bxa3 Nxc4 16. Bf4 O-O 17. a4 Qc5 18. Rc1 Qh5 19. e5 Bxg2 20. Kxg2 1/2-1/2

[Event "Litomysl 2007"]
[Site "?"]
[Date "2007.12.29"]
[Round "5.18"]
[White "Zeberski, Jakub"]
[Black "Blecha, Miroslav"]
[Result "1-0"]
[WhiteElo "2411"]
[BlackElo "2195"]
[PlyCount "67"]
[EventDate "2007.12.26"]

1. e4 c5 2. Nf3 d6 3. d4 cxd4 4. Nxd4 Nf6 5. Nc3 a6 6. a4 b6 7. g3 Bb7 8. Bg2
Qc7 9. Nd5 Nxd5 10. exd5 Qc4 11. Ne2 e5 12. O-O Nd7 13. Be3 Be7 14. b3 Qc7 15.
c4 O-O 16. a5 bxa5 17. Bd2 f5 18. Bxa5 Qc5 19. b4 Qa7 20. Kh1 Rac8 21. Qb3 Kh8
22. Rac1 Bd8 23. Bxd8 Rfxd8 24. f4 e4 25. Qb2 Nb6 26. Qd4 Rc7 27. Rc3 Rdc8 28.
Rfc1 Ba8 29. Bh3 Rf8 30. g4 fxg4 31. Bxg4 Na4 32. Ra3 Qxd4 33. Nxd4 Rxf4 34.
Ne6 1-0

[Event "Litomysl 2007"]
[Site "?"]
[Date "2007.12.29"]
[Round "5.19"]
[White "Spirin, Oleg"]
[Black "Fuchs, Georg"]
[Result "1-0"]
[WhiteElo "2404"]
[BlackElo "2181"]
[PlyCount "85"]
[EventDate "2007.12.26"]

1. d4 Nf6 2. c4 e6 3. Nc3 Bb4 4. e3 O-O 5. Bd3 b6 6. Nge2 Bb7 7. O-O Re8 8. e4
d5 9. cxd5 exd5 10. e5 Ne4 11. f3 Ng5 12. a3 Bf8 13. Qc2 h6 14. f4 Ne6 15. Be3
c5 16. Bb5 Nc6 17. Bxc6 Bxc6 18. Rad1 Qc8 19. Rf3 Qb7 20. Rg3 cxd4 21. Nxd4 Bc5
22. Qf2 Nxd4 23. Bxd4 Bxd4 24. Qxd4 Qe7 25. Qf2 Rad8 26. Ne2 Ba4 27. Rd4 Bb5
28. Nc3 Bc4 29. Nd1 f6 30. Re3 Qc5 31. Qd2 fxe5 32. fxe5 Re6 33. b3 Ba6 34. b4
Qb5 35. h3 Qf1+ 36. Kh2 Bc4 37. Re1 Qf8 38. Nc3 Rde8 39. Nxd5 Rxe5 40. Rxe5
Rxe5 41. Nf4 Qf7 42. Qc3 b5 43. Rxc4 1-0